| 000 | 00000nam 2200000za 4500 |
| 001 | 9.856169 |
| 003 | CaOODSP |
| 005 | 20221107155458 |
| 007 | cr ||||||||||| |
| 008 | 180504s2018 nkcbd ob f000 0 fre d |
| 040 | |aCaOODSP|bfre |
| 043 | |an-cnm-- |
| 086 | 1 |aFs70-7/2018-015F-PDF |
| 245 | 00|aPoints de référence limite pour les rivières à saumon atlantique dans la Région du golfe du MPO |h[ressource électronique]. |
| 246 | 17|aRéponse des sciences : |bpoints de référence limite pour le saumon atlantique |
| 260 | |aMoncton, N.-B. : |bCentre des avis scientifiques (CAS), Région du golfe, Pêches et océans Canada, |c2018. |
| 300 | |a23 p. : |bcartes en coul., graph. en coul. |
| 490 | 1 |aRéponse des sciences, |x1919-3815 ; |v2018/015 |
| 500 | |aPubl. aussi en anglais sous le titre : Limit reference points for Atlantic salmon rivers in DFO Gulf Region. |
| 500 | |aTitre de départ. |
| 500 | |a« Avril 2018. » |
| 504 | |aComprend des références bibliographiques (p. 12-14). |
| 520 | |a« Le Secteur de la gestion des écosystèmes et des pêches de Pêches et Océans Canada (MPO) a demandé au Secteur des sciences du MPO d’élaborer des points de référence pour le saumon atlantique conformes au « Cadre décisionnel pour les pêches en conformité avec l’approche de précaution ». La demande a fait suite à une action associée à la mise en Ĺ“uvre de la Politique du Canada pour la conservation du saumon atlantique sauvage visant à examiner les points de référence conformes à l’approche de précaution. La présente réponse des Sciences découle du processus de réponse des Sciences du 8 février 2018 sur les points de références limites pour les rivières du saumon atlantique dans les zones de pêches au saumon 15 à 18 de la Région du Golfe du MPO » -- Contexte, p. [1]. |
| 693 | 4|aSaumon atlantique |
| 693 | 4|aZone de pêche |
| 693 | 4|aGestion des pêches |
| 710 | 1 |aCanada. |bMinistère des pêches et des océans. |bRégion du golfe. |
| 710 | 2 |aSecrétariat canadien de consultation scientifique. |
| 775 | 08|tLimit reference points for Atlantic salmon rivers in DFO Gulf Region |w(CaOODSP)9.856161 |
| 830 | #0|aRéponse des sciences (Secrétariat canadien de consultation scientifique)|x1919-3815 ; |v2018/015.|w(CaOODSP)9.502630 |
| 856 | 40|qPDF|s1,007 Ko|uhttps://publications.gc.ca/collections/collection_2018/mpo-dfo/fs70-7/Fs70-7-2018-015-fra.pdf |